000 00296 a2200133 4500
001 153664
040 _cEscola São Tomás de Aquino
240 1 0 _aA festa no céu
_lpor
245 1 0 _aA festa no céu
362 0 _a2008
440 1 _aMelhoramentos
697 _a*LITERATURA INFANTO
942 _cBK
999 _c153664
_d153664